000 00613cam a22002053a 4500
001 44656
003 PGUSA
005 20140828084023.0
008 140113s2014||||xxu|||||s|||||000 | eng d
040 _aPGUSA
_beng
042 _adc
100 1 _aWaugh, William F.
245 1 4 _aThe houseboat book :
_bThe Log of a Cruise from Chicago to New Orleans
_h[electronic resource] /
_cWilliam F. Waugh
260 _bProject Gutenberg,
_c2014
506 _aPublic domain in the USA.
516 _aElectronic text
830 0 _aProject Gutenberg
_v44656
856 4 0 _uhttp://www.gutenberg.org/ebooks/44656
942 _cEB
999 _c273907
_d273907